Statistiques concernant Célébrités commençant par la lettre D

Cliquez ici pour prendre le quiz!

Statistiques générales

  • Ce quiz a été pris 130 fois
  • Le résultat moyen est 9 sur 16

Statistiques - réponses

Réponse% Correct
Drake
93%
Dany Boon
88%
David Guetta
86%
Dua Lipa
82%
Dwayne Johnson
82%
David Beckham
80%
Dadju
75%
Daniel Radcliffe
75%
Daniel Craig
57%
Didier Drogba
53%
Denzel Washington
47%
David Douillet
46%
Demi Lovato
46%
Davido
5%
Didi Stone
3%
Diane Von Furstenberg
1%

Distribution des résultats

Percentile par nombre de réponses

% des personnes avec chaque résultat

Votre développement - résultats

Vous n’avez pas pris ce quiz